书目信息 |
| 题名: |
美育教程
|
|
| 作者: | 龙泽弘 , 陆承柏 主编 | |
| 分册: | ||
| 出版信息: | 北京 中国对外经济贸易出版社 1997 |
|
| 页数: | 16,302页 | |
| 开本: | 20cm | |
| 丛书名: | ||
| 单 册: | ||
| 中图分类: | F740-05 , G40-014 | |
| 科图分类: | ||
| 主题词: | 对外贸易--美育--教材 , 对外贸易 , 美育 | |
| 电子资源: | ||
| ISBN: | 7-80004-539-0 | |
| 000 | 00692nam0 2200253 450 | |
| 001 | 1541281860 | |
| 005 | 20150129112837.89 | |
| 010 | @a7-80004-539-0@dCNY16.00 | |
| 100 | @a19980205d1997 em y0chiy0110 ea | |
| 101 | 0 | @achi |
| 102 | @aCN@b110000 | |
| 105 | @af z 000yy | |
| 200 | 1 | @a美育教程@9mei yu jiao cheng@f龙泽弘,陆承柏主编 |
| 210 | @a北京@c中国对外经济贸易出版社@d1997 | |
| 215 | @a16,302页@c图@d20cm | |
| 606 | 0 | @a对外贸易@x美育@x教材 |
| 606 | 0 | @a对外贸易 |
| 606 | 0 | @a美育 |
| 690 | @aF740-05@v5 | |
| 690 | @aG40-014@v5 | |
| 701 | 0 | @a龙泽弘@9long ze hong@4主编 |
| 701 | 0 | @a陆承柏@9lu cheng bai@4主编 |
| 801 | 0 | @aCN@bTSSF@c20150129 |
| 905 | @aZUCC@dF740-05@eJY1 | |
| 美育教程/龙泽弘,陆承柏主编.-北京:中国对外经济贸易出版社,1997 |
| 16,302页:图;20cm |
| ISBN 7-80004-539-0:CNY16.00 |
| ● |
| 相关链接 |
|
|
|
|
正题名:美育教程
索取号:F740-05/JY1
 
预约/预借
| 序号 | 登录号 | 条形码 | 馆藏地/架位号 | 状态 | 备注 |
| 1 | 7860261 | 278602610 | 学院路分馆/ [索取号:F740-05/JY1] | 在馆 |